00516nam a2200169Ia 4500003000900000008004100009040001600050080001600066100002000082245009500102260004000197300001500237490005300252650001200305650001900317650001000336IN-BaIIA211028s9999 xx 000 0 eng d cIIA Library a512.55bLAM aLambek, Joachim 0aLectures on rings and modulescJoachim Lambek  aWalthambBlaisdell Publishingc1966 aviii, 183p aA blaisdell book in pure and applied mathematics aAlgebra aNASA thesaurus aRings